• 首页
  • 本馆介绍
  • 公告通知
  • 最新文献
  • 馆藏检索
  • 电子资源
  • 读者导购
  • 参考咨询
  • 我的图书馆
  • 登录
  • 详细信息显示
  • 放入我的书架
  • 预约/预借图书
  • 作者相关作品
  • 分类相关作品
  • 丛书相关作品
  • 出版社相关作品

书目信息

  • 表格格式
  • 工作单格式
  • 卡片格式
题名:
农业转基因技术应用的认知水平与社会规制研究
    
 
作者: 华静 著
分册:  
出版信息: 北京   中国社会科学出版社  2019.10
页数: 212页
开本: 24cm
丛书名:
单 册:
中图分类: S33
科图分类:
主题词: 作物--zuo wu--转基因技术--研究
电子资源:
ISBN: 978-7-5203-5573-5
000 01640nam0 2200253 450
001 0106081834
005 20201106082045.0
010    @a978-7-5203-5573-5@dCNY78.00
100    @a20200506d2019 kemy0chiy50 ea
101 0  @achi
102    @aCN@b110000
105    @ay v 000yy
106    @ar
200 1  @a农业转基因技术应用的认知水平与社会规制研究@Anong ye zhuan ji yin ji shu ying yong de ren zhi shui ping yu she hui gui zhi yan jiu@dCognition and regulation of agricultural genetically modified technology applications@f华静著@zeng
210    @a北京@c中国社会科学出版社@d2019.10
215    @a212页@d24cm
300    @a开放战略与区域经济自治区级人文社科重点研究基地建设项目宁夏高等学校一流学科建设项目(理论经济学学科)2018年河北省高等学校人文社会科学研究项目2019年度河北省社会科学发展研究课题
330    @a本书以农业转基因技术应用社会规制中涉及的利益相关主体(消费者、生产者、生物企业、科研机构和政府)为研究对象,基于659份消费者问卷、302份农户问卷、58份企业问卷、38份科研机构问卷和20份政府问卷数据,旨在通过理论和实证研究识别主要利益主体对农业转基因技术应用的认知水平和行为态度及其驱动因素;基于利益相关者行为理论,剖析农业转基因技术社会规制中各利益主体之间利益协调的行为过程;从产业安全角度出发,明确各利益主体的认知行为对转基因技术应用社会规制的影响路径,解析影响社会规制的关键因素;结合转基因技术应用社会规制的绩效评估,完善转基因技术全产业链的社会规制体系。
510 1  @aCognition and regulation of agricultural genetically modified technology applications@zeng
606 0  @a作物@Azuo wu@x转基因技术@x研究
690    @aS33@v5
701  0 @a华静@Ahua jing@4著
801  0 @aCN@bBJSZM@c20201106
905    @b1192732-5@dS33@e74@f4
    
    农业转基因技术应用的认知水平与社会规制研究=Cognition and regulation of agricultural genetically modified technology applications/华静著.-北京:中国社会科学出版社,2019.10
    212页;24cm
    开放战略与区域经济自治区级人文社科重点研究基地建设项目宁夏高等学校一流学科建设项目(理论经济学学科)2018年河北省高等学校人文社会科学研究项目2019年度河北省社会科学发展研究课题
    
    ISBN 978-7-5203-5573-5:CNY78.00
    本书以农业转基因技术应用社会规制中涉及的利益相关主体(消费者、生产者、生物企业、科研机构和政府)为研究对象,基于659份消费者问卷、302份农户问卷、58份企业问卷、38份科研机构问卷和20份政府问卷数据,旨在通过理论和实证研究识别主要利益主体对农业转基因技术应用的认知水平和行为态度及其驱动因素;基于利益相关者行为理论,剖析农业转基因技术社会规制中各利益主体之间利益协调的行为过程;从产业安全角度出发,明确各利益主体的认知行为对转基因技术应用社会规制的影响路径,解析影响社会规制的关键因素;结合转基因技术应用社会规制的绩效评估,完善转基因技术全产业链的社会规制体系。
●
相关链接 在E读中查询图书 在五车中查询图书 在当当中查询图书 在豆瓣中查询图书


正题名:农业转基因技术应用的认知水平与社会规制研究     索取号:S33/74         预约/预借

序号 登录号 条形码 馆藏地/架位号 状态 备注
1 1192732   211927325   第二样本阅览室/ [索取号:S33/74] 在馆    
2 1192733   211927334   第三借阅区/ [索取号:S33/74] 在馆    
3 1192734   211927343   第三借阅区/ [索取号:S33/74] 在馆    
4 1192735   211927352   第三借阅区/ [索取号:S33/74] 在馆    
唐山师范学院图书馆 欢迎您!
大连网信软件有限公司© 版权所有